banner koha

Desempenho e crescimento do agronegócio no Brasil (Registro n. 67918)

MARC details
000 -LÍDER
campo de controle de tamanho fixo 01031nam a22003617a 4500
001 - NÚMERO DE CONTROLE
campo de controle BR0501416
003 - IDENTIFICADOR DO NÚMERO DE CONTROLE
campo de controle BR-BrBNA
005 - DATA E HORÁRIO DA ÚLTIMA TRANSAÇÃO
campo de controle 20230928101844.0
007 - CAMPO FIXO DE DESCRIÇÃO FÍSICA--INFORMAÇÃO GERAL
campo de controle de tamanho fixo ta
008 - CAMPO DE DADOS FIXOS--INFORMAÇÃO GERAL
campo de controle de tamanho fixo 230509b bl.||||| |||| 00| 0 por d
040 ## - FONTE DA CATALOGAÇÃO
Instituição da catalogação original BR-BrBNA
Idioma da catalogação por
Instituição que transcreveu o registro Biblioteca Nacional de Agricultura
041 ## - CÓDIGO DE IDIOMA
Código do idioma do texto/trilha sonora ou título diferente (Por)
072 ## - CÓDIGO DE CATEGORIA DE ASSUNTO
Código de Categoria de Assunto E70; E71
090 ## - NÚMERO DE CHAMADA LOCAL
-- E70 BR0501416
100 1# - ENTRADA PRINCIPAL--NOME PESSOAL
Nome pessoal Gasques, J.G.
100 1# - ENTRADA PRINCIPAL--NOME PESSOAL
Nome pessoal Rezende, G.C. de
100 1# - ENTRADA PRINCIPAL--NOME PESSOAL
Nome pessoal Verde, C.M.V.
100 1# - ENTRADA PRINCIPAL--NOME PESSOAL
Nome pessoal Conceição, J.C.P.R. da
100 1# - ENTRADA PRINCIPAL--NOME PESSOAL
Nome pessoal Carvalho, J.C. de S.
100 1# - ENTRADA PRINCIPAL--NOME PESSOAL
Nome pessoal Salerno, M.S.
110 1# - ENTRADA PRINCIPAL--NOME CORPORATIVO
Nome corporativo ou nome da jurisdição Instituto de Pesquisa Econômica Aplicada, Brasília, DF (Brasil)
245 1# - TÍTULO
Título Desempenho e crescimento do agronegócio no Brasil
260 3# - PUBLICAÇÃO, DISTRIBUIÇÃO, ETC.
Local de publicação, distribuição, etc. Brasília, DF (Brasil):
Data da publicação, distribuição, etc. 2004.
300 ## - DESCRIÇÃO FÍSICA
Extensão 47 p.
500 ## - NOTA GERAL
Nota geral 25 illus.
650 ## - ASSUNTO--TERMO TÓPICO
Cabeçalho tópico ou nome geográfico AGRONEGÓCIO
650 ## - ASSUNTO--TERMO TÓPICO
Cabeçalho tópico ou nome geográfico MERCADO MUNDIAL
650 ## - ASSUNTO--TERMO TÓPICO
Cabeçalho tópico ou nome geográfico POLÍTICA MONETÁRIA
650 ## - ASSUNTO--TERMO TÓPICO
Cabeçalho tópico ou nome geográfico DESENVOLVIMENTO ECONÔMICO
650 ## - ASSUNTO--TERMO TÓPICO
Cabeçalho tópico ou nome geográfico POLÍTICA DE DESENVOLVIMENTO
909 ## -
-- 202309
-- Lucia
-- 55
-- Lucia Elande
942 ## - ELEMENTOS DE ENTRADA ADICIONADOS (KOHA)
Tipo de material Koha Livros
Exemplares
Situação do descarte Fonte da classificação ou esquema de arquivamento na estante Situação física Não pode ser emprestado Coleção Biblioteca de origem Biblioteca atual Total de empréstimos Número de telefone completo Código de barras Data de último acesso Número do exemplar Tipo de material Koha Situação das perdas Data de aquisição Fonte de aquisição
  Classificação AGRIS       Biblioteca Nacional de Agricultura - Binagri Biblioteca Nacional de Agricultura - Binagri   E70 BR0501416 E70 BR0501416 25/09/2023 01 Livros   2023-09-25 Portaria Interministerial nº 164/94

BINAGRI

Telefone: (61)3218-2567/2388/3357/2097 - binagri@agro.gov.br

Ministério da Agricultura e Pecuária , Esplanada dos Ministérios, Bloco D, Anexo B, Brasília/DF, CEP: 70.043-900